| 000 | 00868nam a2200253 a 4500 | ||
|---|---|---|---|
| 001 | BRCA_4172 | ||
| 005 | 20190320204555.0 | ||
| 008 | 220410s1948----ag-a######---#000-0#spa-# | ||
| 041 | _aspa | ||
| 044 | _aag | ||
| 050 | 4 |
_aNK4215 _b.S22 1948 |
|
| 100 | 1 |
_aSaavedra Mendez, Jorge _910777 |
|
| 245 | 1 | 0 |
_aDiccionario completo de las marcas de cerámicas _cJorge Saavedra Mendez. |
| 260 |
_aArgentina _bCenturion _c1948 |
||
| 300 |
_a253 p. _bil. _c30 cm. |
||
| 440 | 0 |
_aColección arte _910778 |
|
| 500 | _aContiene seis mil grabados que reproducen la totalidad universal de las marcas conocidas y las no identificadas, ordenadas alfabéticamente | ||
| 500 | _aDiccionario inventariado por Banco de México como libro | ||
| 500 | _aA64 | ||
| 650 | 1 | 4 |
_aMarcas de cerámica _97225 |
| 650 | 1 | 4 |
_aEnciclopedias y diccionarios _99441 |
| 902 | _aGFM | ||
| 942 |
_2lcc _cB |
||
| 999 |
_c3888 _d3888 |
||